Missing Word: Directing Michaels Quiz Stats

Quiz Updated Jan 25, 2016

Challenge
Share
Tweet
Embed
Score 0/16 Timer 02:00
0 Plays Today
Director Movie % Correct
Michael CurtizDoodle
95.2%
Michael BayPearl
93.7%
Michael CurtizWhite
84.1%
Michael CiminoDeer
81.6%
Michael CiminoGate
67.8%
Michael CurtizAngels
59.5%
Michael BayDark
56.8%
Michael CurtizPierce
52%
Director Movie % Correct
Michael MooreBacon
51.7%
Michael MooreFahrenheit
48.9%
Michael MooreLove
39.4%
Michael CiminoLightfoot
37.7%
Michael BayGain
35.1%
Michael CiminoYear
34.6%
Michael BayBoys
32.2%
Michael MooreRoger
31.4%

Today's Daily Dose

Missing Word
1971 Movies A-Z

Word Ladder
Complete Tour

Quick Pick
Logo Colors

On This Day
January 19th

You're not logged in!

Compare scores with friends on all Sporcle quizzes.
Sign Up with Email
OR
Log In

You Might Also Like...

Show Comments

Extras

Top Quizzes Today


Score Distribution

Your Account Isn't Verified!

In order to create a playlist on Sporcle, you need to verify the email address you used during registration. Go to your Sporcle Settings to finish the process.